| 000 | 00416nam a2200181Ia 4500 | ||
|---|---|---|---|
| 003 | 0STCL | ||
| 008 | 150530s9999 xx 000 0 und d | ||
| 040 |
_aSTCL _cSTCL |
||
| 100 | _aKesava Dev, P | ||
| 245 | _aSwapnam | ||
| 250 | _a2 | ||
| 260 |
_bSahitya Pravarthaka Co Operative Society ; Kottaya _c1969 |
||
| 300 | _a0 | ||
| 546 | _aMalayalam | ||
| 942 |
_2ddc _cBK |
||
| 999 |
_c72682 _d72682 |
||
| 005 | 20220125171518.0 | ||